[Event "Principal 2014/2015"]
[Site "Vitrolles"]
[Date "2014.10.04"]
[Round "1"]
[White "Anton, Jose"]
[Black "Brongers, Henk"]
[Result "0-1"]
[WhiteElo "1848"]
[BlackElo "1997"]
[PlyCount "100"]

1. e4 e5 2. d4 exd4 3. c3 d5 4. exd5 Qxd5 5. cxd4 Nc6 6. Nf3 Bg4 7. Nc3 Bb4 8.
Be2 Bxf3 9. Bxf3 Qc4 10. Bxc6+ bxc6 11. Qe2+ Qxe2+ 12. Kxe2 O-O-O 13. Be3 Ne7
14. Kd3 Nf5 15. Kc4 Ba5 16. Rad1 Rhe8 17. Rd3 Bb6 18. b4 a5 19. a3 axb4 20.
axb4 Kb7 21. Ra1 Ra8 22. Na4 Ne7 23. Rda3 Ra7 24. Nc5+ Bxc5 25. dxc5 Rxa3 26.
Rxa3 Nf5 27. h3 Re4+ 28. Kd3 Rxb4 29. Rc3 f6 30. g4 Ne7 31. f3 Nd5 32. Ra3 Rb1
33. h4 g6 34. Bf2 Rb2 35. Be1 Nf4+ 36. Kc3 Re2 37. Bd2 Ne6 38. Ra5 Rf2 39. f4
Nxf4 40. h5 Nd5+ 41. Kd3 Rg2 42. Ra4 Rg3+ 43. Ke2 gxh5 44. gxh5 Nc3+ 45. Bxc3
Rxc3 46. Rb4+ Ka6 47. Rf4 Rxc5 48. h6 f5 49. Ra4+ Kb5 50. Ra8 Re5+ 0-1

[Event "Principal 2014/2015"]
[Site "Vitrolles"]
[Date "2014.10.04"]
[Round "1"]
[White "Girard, Jean-Pierre"]
[Black "Boghossian, Pierre"]
[Result "1/2-1/2"]
[WhiteElo "1846"]
[BlackElo "1988"]
[PlyCount "99"]

1. e4 e6 2. d4 d5 3. Nd2 Nc6 4. c3 e5 5. exd5 Qxd5 6. Ngf3 exd4 7. Bc4 Qf5 8.
O-O Be6 9. Bxe6 fxe6 10. Nxd4 Nxd4 11. cxd4 O-O-O 12. Qa4 Kb8 13. Nf3 Nf6 14.
Be3 Nd5 15. Rac1 Bd6 16. Qb3 Rhf8 17. Ne5 Bxe5 18. dxe5 Qxe5 19. Rce1 Qf6 20.
Qc4 Nxe3 21. Rxe3 Rd6 22. b4 Re8 23. a4 h5 24. a5 Qd8 25. b5 Rd1 26. g3 Rxf1+
27. Kxf1 Qd1+ 28. Kg2 Qd6 29. a6 Qb6 30. Re5 g6 31. Qe4 bxa6 32. Qxg6 Rf8 33.
bxa6 Qxf2+ 34. Kh3 Qf1+ 35. Kh4 Qxa6 36. Rxe6 Qb5 37. Kh3 Qd7 38. Qb1+ Kc8 39.
Qe4 c6 40. Qxc6+ Qxc6 41. Rxc6+ Kb7 42. Rh6 Rf5 43. g4 hxg4+ 44. Kxg4 Rf1 45.
h4 a5 46. Re6 Rg1+ 47. Kf4 a4 48. h5 a3 49. Re2 Rh1 50. Ra2 1/2-1/2

[Event "Principal 2014/2015"]
[Site "Vitrolles"]
[Date "2014.10.04"]
[Round "1"]
[White "Busson, Benoist"]
[Black "Massardo, Quentin"]
[Result "0-1"]
[WhiteElo "1944"]
[BlackElo "1891"]
[PlyCount "128"]

1. e4 Nf6 2. Nc3 d5 3. e5 Ne4 4. Nce2 d4 5. c3 dxc3 6. bxc3 Nc6 7. Nd4 Nxe5 8.
Ngf3 Ng4 9. Bb5+ Bd7 10. O-O Bxb5 11. Nxb5 c6 12. Nbd4 e6 13. Qe2 Ngf6 14. Rb1
Qc7 15. Qc4 Be7 16. Re1 Nd6 17. Qb3 O-O 18. Ba3 Rfe8 19. Bxd6 Bxd6 20. Qxb7 c5
21. Qxc7 Bxc7 22. Nc6 Nd5 23. Rb7 Bb6 24. Ng5 f6 25. c4 fxg5 26. cxd5 exd5 27.
Ree7 Rxe7 28. Nxe7+ Kf8 29. Nxd5 Rd8 30. Nxb6 axb6 31. Kf1 Rxd2 32. Rxb6 Rxa2
33. Rb8+ Kf7 34. Rb7+ Kf6 35. Rc7 Rc2 36. Rc6+ Kf5 37. Rc7 Kf6 38. Rc6+ Kf5 39.
Rc7 Kg6 40. g4 c4 41. Rc6+ Kf7 42. Rc7+ Kf6 43. h3 c3 44. Ke1 Rc1+ 45. Ke2 c2
46. Rc3 Ke5 47. Kd2 Rf1 48. Kxc2 Rxf2+ 49. Kd1 Kf4 50. Ke1 Rf3 51. Rc4+ Kg3 52.
Rc7 Kxh3 53. Rxg7 Kxg4 54. Rxh7 Kg3 55. Ke2 g4 56. Rg7 Rf5 57. Ke3 Kh3 58. Ke2
g3 59. Rh7+ Kg2 60. Rg7 Kh2 61. Rh7+ Kg1 62. Rg7 g2 63. Rh7 Re5+ 64. Kd1 Kf2
0-1

[Event "Principal 2014/2015"]
[Site "Vitrolles"]
[Date "2014.10.04"]
[Round "1"]
[White "Chauvet, Jean-Marc"]
[Black "Montanelli, Tristan"]
[Result "1/2-1/2"]
[WhiteElo "1919"]
[BlackElo "1733"]
[PlyCount "67"]

1. e4 c6 2. d4 d5 3. e5 Bf5 4. Nf3 e6 5. a3 Nd7 6. Be3 h6 7. Nbd2 a6 8. b4 a5
9. c3 b6 10. Be2 Ne7 11. Nb3 a4 12. Nc1 b5 13. h4 Be4 14. Bd3 Bxd3 15. Qxd3 Nf5
16. Bf4 Be7 17. h5 Nh4 18. Bg3 Nxf3+ 19. gxf3 Nf8 20. Ne2 Qd7 21. O-O-O O-O-O
22. Rdg1 f5 23. Bh4 Bxh4 24. Rxh4 Qe7 25. Rh2 Rd7 26. Nf4 Qe8 27. Ng6 Nxg6 28.
Rxg6 Rh7 29. f4 Qf7 30. Qh3 Kb7 31. Qh4 Qe7 32. Qxe7 Rxe7 33. Rhg2 Kc7 34. Kd2
1/2-1/2

[Event "Principal 2014/2015"]
[Site "Vitrolles"]
[Date "2014.10.04"]
[Round "1"]
[White "Baroyan, Davit"]
[Black "Charvein, Gabriel"]
[Result "1-0"]
[WhiteElo "1697"]
[BlackElo "1883"]
[PlyCount "39"]

1. e4 c5 2. Nf3 d6 3. d4 cxd4 4. Nxd4 Nf6 5. Nc3 g6 6. Be3 Bg7 7. f3 O-O 8. Qd2
Nc6 9. O-O-O Re8 10. Be2 Bd7 11. g4 Ne5 12. h4 Rc8 13. h5 Nc4 14. Bxc4 Rxc4 15.
hxg6 hxg6 16. Qh2 Bxg4 17. fxg4 Nxg4 18. Qh7+ Kf8 19. Rdf1 e5 20. Qxg6 1-0

[Event "Principal 2014/2015"]
[Site "Vitrolles"]
[Date "2014.11.08"]
[Round "2"]
[White "Massardo, Quentin"]
[Black "Chauvet, Jean-Marc"]
[Result "1/2-1/2"]
[WhiteElo "1859"]
[BlackElo "1924"]
[PlyCount "105"]

1. d4 b6 2. c4 e6 3. Nf3 Bb7 4. g3 Bxf3 5. exf3 c5 6. Bg2 cxd4 7. Qxd4 Nc6 8.
Qd1 Nge7 9. b3 d5 10. Bb2 dxc4 11. O-O Qxd1 12. Rxd1 cxb3 13. axb3 Nd5 14. f4
Bb4 15. Bxg7 Rg8 16. Bxd5 exd5 17. Bc3 Rg6 18. Rxd5 Ne7 19. Rb5 Bxc3 20. Nxc3
Rc8 21. Ne4 Rc7 22. Rd1 Rd7 23. Rxd7 Kxd7 24. f5 Rc6 25. f6 Ng8 26. Rf5 h6 27.
Kf1 Ke6 28. g4 Rc1+ 29. Ke2 Rb1 30. Rf3 Rb2+ 31. Kd1 Ke5 32. Re3 Kf4 33. Nd2
Nxf6 34. Re7 Ra2 35. Rxf7 Ke5 36. f4+ Ke6 37. Rg7 Ra1+ 38. Kc2 Rh1 39. g5 hxg5
40. fxg5 Ng4 41. Rxa7 Rxh2 42. g6 Ne5 43. Rh7 Rg2 44. g7 Kf7 45. Kc3 Rxg7 46.
Rxg7+ Kxg7 47. Kd4 Kf6 48. Kd5 Nd3 49. Ne4+ Ke7 50. Kc6 Ke6 51. Kxb6 Ke5 52.
Nc5 Nc1 53. b4 1/2-1/2

[Event "Principal 2014/2015"]
[Site "Vitrolles"]
[Date "2014.11.08"]
[Round "2"]
[White "Baroyan, Davit"]
[Black "Girard, Jean-Pierre"]
[Result "1-0"]
[WhiteElo "1734"]
[BlackElo "1841"]
[PlyCount "97"]

1. d4 Nf6 2. c4 e6 3. Nc3 Bb4 4. Qc2 c5 5. e3 Nc6 6. Nf3 d6 7. Bd3 e5 8. dxe5
dxe5 9. Ng5 Ne7 10. O-O h6 11. Nge4 Nxe4 12. Bxe4 O-O 13. Rd1 Qb6 14. Nd5 Nxd5
15. Bxd5 Bg4 16. f3 Be6 17. b3 Bxd5 18. Rxd5 Rad8 19. e4 f5 20. Bb2 Rxd5 21.
exd5 Qd6 22. Qe2 Re8 23. f4 e4 24. Be5 Rxe5 25. fxe5 Qxe5 26. Rd1 Bc3 27. g3
Bd4+ 28. Kg2 g5 29. Re1 Kg7 30. Qc2 b5 31. Qe2 b4 32. Qc2 h5 33. Qe2 g4 34. Qd2
e3 35. Qd3 h4 36. Rf1 h3+ 37. Kh1 Kg6 38. Re1 Kg5 39. Rf1 Bc3 40. Qe2 Qe4+ 41.
Kg1 Be5 42. Re1 Bc3 43. Rc1 Be5 44. Re1 Kf6 45. Rd1 Qf3 46. Re1 Bc3 47. Qxf3
gxf3 48. Rxe3 Bd4 49. Kf2 1-0

[Event "Principal 2014/2015"]
[Site "Vitrolles"]
[Date "2014.11.08"]
[Round "2"]
[White "Boghossian, Pierre"]
[Black "Anton, Jose"]
[Result "1-0"]
[WhiteElo "1988"]
[BlackElo "1855"]
[PlyCount "83"]

1. e4 c5 2. c3 Nf6 3. e5 Nd5 4. d4 cxd4 5. Nf3 e6 6. cxd4 b6 7. Nc3 Bb7 8. Bg5
Nxc3 9. bxc3 Qc7 10. Qb3 Bxf3 11. gxf3 Nc6 12. Bd3 d5 13. Bb5 Rc8 14. Qa4 Be7
15. Bxe7 Kxe7 16. Qa3+ Kd8 17. O-O Qe7 18. Qa6 Na5 19. Kh1 Qb7 20. Qxb7 Nxb7
21. Rfc1 Na5 22. Rab1 Nc4 23. Rb4 Ke7 24. Kg2 Na5 25. Kf1 Rc7 26. Ke2 Rhc8 27.
Kd3 Nc4 28. Ba6 Rd8 29. Bxc4 dxc4+ 30. Rxc4 Rdc8 31. Rxc7+ Rxc7 32. Rb1 Kd7 33.
c4 Ke7 34. d5 exd5 35. cxd5 Rc5 36. d6+ Ke6 37. f4 f6 38. Re1 Ra5 39. f5+ Kxf5
40. e6 Rd5+ 41. Kc3 Rxd6 42. e7 1-0

[Event "Principal 2014/2015"]
[Site "Vitrolles"]
[Date "2014.11.08"]
[Round "2"]
[White "Charvein, Gabriel"]
[Black "Montanelli, Tristan"]
[Result "1-0"]
[WhiteElo "1883"]
[BlackElo "1733"]
[PlyCount "117"]

1. d4 Nf6 2. Bg5 Ne4 3. Bf4 c5 4. f3 Qa5+ 5. c3 Nf6 6. Nd2 cxd4 7. Nb3 Qa4 8.
Nxd4 Qxd1+ 9. Rxd1 a6 10. e4 d6 11. Bg5 Nbd7 12. Bd3 g6 13. Nge2 Bg7 14. O-O h6
15. Bh4 Ne5 16. Bf2 Nxd3 17. Rxd3 O-O 18. Rfd1 Nd7 19. b3 Nc5 20. R3d2 Ne6 21.
Nxe6 Bxe6 22. c4 Rac8 23. Nf4 Bc3 24. Rd3 Bb4 25. Bg3 Bc5+ 26. Kf1 Bd7 27. Nd5
Rfe8 28. e5 Bf5 29. R3d2 dxe5 30. Bxe5 g5 31. g4 Bg6 32. Nc7 Rf8 33. Rd7 f6 34.
Bg3 Bf7 35. Nd5 Bxd5 36. cxd5 b6 37. d6 e5 38. Rb7 Rf7 39. d7 Rd8 40. Bf2 Bd4
41. Bxd4 Rfxd7 42. Rxb6 exd4 43. Rxa6 d3 44. Rd2 Rc8 45. Kf2 Kf7 46. b4 Rb8 47.
a3 Rc8 48. b5 Rc3 49. a4 Ra3 50. Ra8 Rb7 51. Ke3 Re7+ 52. Kd4 Rd7+ 53. Kc4 Ra1
54. b6 Rc1+ 55. Kb5 Rd5+ 56. Ka6 Ke7 57. b7 Rc6+ 58. Ka7 Rc7 59. Kb6 1-0

[Event "Principal 2014/2015"]
[Site "Vitrolles"]
[Date "2014.11.08"]
[Round "2"]
[White "Brongers, Henk"]
[Black "Busson, Benoist"]
[Result "0-1"]
[WhiteElo "1997"]
[BlackElo "1944"]
[PlyCount "72"]

1. Nf3 Nc6 2. e4 e5 3. Bc4 Nf6 4. d3 d5 5. exd5 Nxd5 6. O-O Nb6 7. Bb3 Bg4 8.
h3 Bh5 9. Nc3 Bd6 10. Ne4 O-O 11. Ng3 Bxf3 12. Qxf3 Na5 13. Bd2 Nxb3 14. axb3
c6 15. b4 a6 16. c4 Bc7 17. Nf5 Kh8 18. Bc3 Qg5 19. Rfe1 f6 20. b3 Rfe8 21. Re2
Nd7 22. Rae1 Qg6 23. h4 Nf8 24. Re4 Qf7 25. h5 Ne6 26. Rh4 Rad8 27. g3 Ng5 28.
Qe2 Qd7 29. Qg4 Qxd3 30. Rc1 Qf3 31. h6 g6 32. Ne3 Kg8 33. Kf1 Qxg4 34. Nxg4
Kf7 35. f4 Nf3 36. Rh1 f5 0-1

[Event "Principal 2014/2015"]
[Site "Vitrolles"]
[Date "2014.11.29"]
[Round "3"]
[White "Chauvet, Jean-Marc"]
[Black "Charvein, Gabriel"]
[Result "1/2-1/2"]
[WhiteElo "1924"]
[BlackElo "1883"]
[PlyCount "33"]

1. e4 c5 2. Nf3 d6 3. Bb5+ Bd7 4. Bxd7+ Qxd7 5. O-O Nc6 6. c3 Nf6 7. Qe2 e6 8.
d4 cxd4 9. cxd4 Be7 10. Nc3 O-O 11. Bg5 h6 12. Bf4 Rfe8 13. d5 exd5 14. exd5
Ne5 15. Nxe5 dxe5 16. Qxe5 Bb4 17. Qd4 1/2-1/2

[Event "Principal 2014/2015"]
[Site "Vitrolles"]
[Date "2014.11.29"]
[Round "3"]
[White "Montanelli, Tristan"]
[Black "Busson, Benoist"]
[Result "0-1"]
[WhiteElo "1733"]
[BlackElo "1944"]
[PlyCount "56"]

1. e4 e5 2. Bc4 Nf6 3. Nf3 Nc6 4. O-O Nxe4 5. Re1 d5 6. Bb5 Bc5 7. Bxc6+ bxc6
8. d4 exd4 9. Nxd4 O-O 10. Be3 Bd6 11. Nd2 Nxd2 12. Qxd2 Bd7 13. Nb3 Qh4 14. g3
Qh3 15. Bc5 Rfe8 16. Re3 Rxe3 17. Bxe3 Re8 18. Bxa7 Bg4 19. Nd4 c5 20. f3 Bh5
21. Re1 Ra8 22. Nc6 Bxf3 23. Qf2 Be4 24. Re2 Qd7 25. Nb8 Qb5 26. c4 Qxc4 27. b3
Qb5 28. a4 Qxb3 0-1

[Event "Principal 2014/2015"]
[Site "Vitrolles"]
[Date "2014.11.29"]
[Round "3"]
[White "Massardo, Quentin"]
[Black "Anton, Jose"]
[Result "0-1"]
[WhiteElo "1859"]
[BlackElo "1855"]
[PlyCount "70"]

1. d4 Nf6 2. c4 e5 3. Nf3 e4 4. Nfd2 c6 5. c5 d5 6. cxd6 Bxd6 7. Nc4 Bb4+ 8.
Nc3 Be6 9. e3 b5 10. Ne5 O-O 11. a3 Bxc3+ 12. bxc3 Nd5 13. c4 bxc4 14. Nxc4 Nd7
15. Qc2 f5 16. Be2 Qg5 17. g3 Rac8 18. Nd6 Rc7 19. Rb1 Qe7 20. Nc4 c5 21. Bb2
cxd4 22. Bxd4 N5b6 23. Rb4 Rfc8 24. Bxb6 Nxb6 25. O-O Bxc4 26. Bxc4+ Rxc4 27.
Qb3 Qf7 28. Rb5 R4c5 29. Qb2 Rxb5 30. Qxb5 Qc4 31. Qxf5 Rf8 32. Qa5 Qa4 33. Qe5
Re8 34. Qd6 Nc4 35. Rc1 Nxd6 0-1

[Event "Principal 2014/2015"]
[Site "Vitrolles"]
[Date "2014.11.29"]
[Round "3"]
[White "Brongers, Henk"]
[Black "Girard, Jean-Pierre"]
[Result "1-0"]
[WhiteElo "1997"]
[BlackElo "1841"]
[PlyCount "61"]

1. e4 c5 2. Nf3 d6 3. d4 cxd4 4. Nxd4 Nf6 5. Nc3 a6 6. Bc4 e6 7. O-O Qc7 8. Bb3
Nbd7 9. Bxe6 fxe6 10. Nxe6 Qc4 11. Nd5 Nxd5 12. exd5 Nf6 13. b3 Qg4 14. Qxg4
Nxg4 15. Nc7+ Kf7 16. Nxa8 Be7 17. Bb2 Bd8 18. Bd4 Bf5 19. Nb6 h5 20. Nc4 Be7
21. Ne3 Bd7 22. Nxg4 Bxg4 23. f3 Bd7 24. Rfe1 h4 25. Bxg7 Rg8 26. Bd4 h3 27.
Re2 Rg5 28. c4 b5 29. Rae1 Bd8 30. g3 Rg8 31. Re4 1-0

[Event "Principal 2014/2015"]
[Site "Vitrolles"]
[Date "2014.12.20"]
[Round "4"]
[White "Charvein, Gabriel"]
[Black "Massardo, Quentin"]
[Result "1/2-1/2"]
[WhiteElo "1883"]
[BlackElo "1864"]
[PlyCount "114"]

1. d4 Nf6 2. Bg5 d6 3. Nc3 g6 4. Bxf6 exf6 5. e4 Bg7 6. f4 Qe7 7. Bd3 Nc6 8.
Nd5 Qd8 9. c3 Be6 10. Ne3 Ne7 11. Qf3 c6 12. Nh3 Qb6 13. Nc4 Bxc4 14. Bxc4 f5
15. exf5 Nxf5 16. Qe2+ Ne7 17. Ng5 d5 18. Bb3 Bf6 19. Nf3 O-O-O 20. Ne5 Bxe5
21. fxe5 Nf5 22. O-O-O Rhe8 23. Bc2 Ng7 24. Qg4+ Ne6 25. Rhf1 Qc7 26. Rf6 Kb8
27. Rdf1 Rd7 28. h4 c5 29. Kb1 Rc8 30. Bb3 h5 31. Qd1 cxd4 32. cxd4 Qb6 33.
Rxf7 Rxf7 34. Rxf7 Nxd4 35. Bxd5 Nc6 36. e6 Rd8 37. Rd7 Re8 38. Bxc6 Qxc6 39.
Rd8+ Kc7 40. Rxe8 Qxe8 41. Qd5 Qc6 42. Qe5+ Qd6 43. Qc3+ Kd8 44. Qf6+ Kc7 45.
Kc2 Qc6+ 46. Kd3 Qxg2 47. Qe7+ Kb6 48. Qd6+ Qc6 49. Qd8+ Ka6 50. Qd7 Kb6 51.
Kd4 Qc5+ 52. Ke4 Qf5+ 53. Ke3 Qe5+ 54. Kd3 Qf5+ 55. Ke3 Qe5+ 56. Kd3 Qf5+ 57.
Ke3 Qe5+ 1/2-1/2

[Event "Principal 2014/2015"]
[Site "Vitrolles"]
[Date "2014.12.20"]
[Round "4"]
[White "Girard, Jean-Pierre"]
[Black "Anton, Jose"]
[Result "1/2-1/2"]
[WhiteElo "1841"]
[BlackElo "1855"]
[PlyCount "58"]

1. e4 e5 2. Nf3 Nc6 3. Bb5 Bc5 4. O-O Nf6 5. c3 O-O 6. d4 Bb6 7. Re1 d6 8. Bg5
h6 9. Bh4 exd4 10. Bxc6 bxc6 11. Nxd4 Bd7 12. Nd2 g5 13. Bg3 a5 14. Nc4 Bxd4
15. cxd4 Nxe4 16. Rxe4 f5 17. Re1 f4 18. Bxf4 Rxf4 19. Ne3 Qf6 20. Qb3+ Be6 21.
Qb7 Rf8 22. Qxc7 Rxd4 23. Qxc6 Qxf2+ 24. Kh1 Rd3 25. Qe4 Bf5 26. Nxf5 Qxf5 27.
Qxf5 Rxf5 28. Re2 Rfd5 29. Kg1 Rd2 1/2-1/2

[Event "Principal 2014/2015"]
[Site "Vitrolles"]
[Date "2014.12.20"]
[Round "4"]
[White "Brongers, Henk"]
[Black "Montanelli, Tristan"]
[Result "1-0"]
[WhiteElo "1997"]
[BlackElo "1733"]
[PlyCount "69"]

1. e4 c5 2. Nf3 d6 3. d4 cxd4 4. Nxd4 Nf6 5. Nc3 Nc6 6. Bc4 Qb6 7. Nxc6 bxc6 8.
O-O e6 9. Qe2 Be7 10. e5 dxe5 11. Qxe5 O-O 12. Bb3 Nd5 13. Ne4 Ba6 14. c4 Qc7
15. Qxc7 Nxc7 16. Bf4 Rac8 17. Rfd1 Rfd8 18. Rxd8+ Bxd8 19. Rd1 Bf6 20. Nc5 e5
21. Be3 Rd8 22. Rxd8+ Bxd8 23. Nxa6 Nxa6 24. Bxa7 Be7 25. Ba4 c5 26. a3 Bd6 27.
Bb5 Nc7 28. a4 Kf8 29. a5 Ke7 30. Bc6 Na6 31. Bb7 Nb8 32. a6 Kd7 33. Bb6 Nxa6
34. Bxa6 Kc6 35. Ba5 1-0

[Event "Principal 2014/2015"]
[Site "Vitrolles"]
[Date "2014.12.20"]
[Round "4"]
[White "Baroyan, Davit"]
[Black "Busson, Benoist"]
[Result "1-0"]
[WhiteElo "1791"]
[BlackElo "1944"]
[PlyCount "55"]

1. d4 d5 2. c4 e6 3. Nc3 c5 4. cxd5 cxd4 5. Qxd4 Nc6 6. Qd1 exd5 7. Qxd5 Bd7 8.
Nf3 Nf6 9. Qb3 Be6 10. Qa4 a6 11. Bg5 b5 12. Qd1 Qa5 13. Bxf6 gxf6 14. Nd4
O-O-O 15. e3 Bc5 16. Bd3 Bxd4 17. exd4 Rxd4 18. Qf3 Ne5 19. Qa8+ Kc7 20. Qa7+
Kc8 21. Qxd4 Rd8 22. Qc5+ Kb8 23. Be2 Bc4 24. Bxc4 Nxc4 25. O-O Nxb2 26. Ne4
Nd3 27. Qc3 Qb6 28. Rfd1 1-0

[Event "Principal 2014/2015"]
[Site "Vitrolles"]
[Date "2014.12.20"]
[Round "4"]
[White "Boghossian, Pierre"]
[Black "Chauvet, Jean-Marc"]
[Result "1-0"]
[WhiteElo "1988"]
[BlackElo "1924"]
[PlyCount "27"]

1. e4 e6 2. d3 d5 3. Qe2 Be7 4. Nf3 Nf6 5. g3 c5 6. Bg2 Nc6 7. e5 Nd7 8. O-O
Qc7 9. Re1 g5 10. Bxg5 Bxg5 11. Nxg5 Nd4 12. Qh5 Nf8 13. Na3 a6 14. c4 1-0

[Event "Principal 2014/2015"]
[Site "Vitrolles"]
[Date "2015.01.17"]
[Round "5"]
[White "Chauvet, Jean-Marc"]
[Black "Baroyan, Davit"]
[Result "1/2-1/2"]
[WhiteElo "1930"]
[BlackElo "1808"]
[PlyCount "72"]

1. e4 c5 2. Nf3 d6 3. Bb5+ Nd7 4. O-O Ngf6 5. Re1 a6 6. Bf1 b5 7. a4 Rb8 8. d3
e6 9. axb5 axb5 10. c3 Bb7 11. Nbd2 Be7 12. h3 O-O 13. d4 Qb6 14. Bd3 e5 15. d5
Ra8 16. Rxa8 Rxa8 17. Nf1 Ra1 18. Ng3 c4 19. Bc2 Nc5 20. Nf5 Bf8 21. Qd2 Bc8
22. Qg5 Nfxe4 23. Bxe4 Nxe4 24. Nh6+ Kh8 25. Nxf7+ Kg8 26. Nh6+ Kh8 27. Rxe4
gxh6 28. Qf6+ Kg8 29. Re1 Qb7 30. Bxh6 Rxe1+ 31. Nxe1 Bxh6 32. Qxh6 Qxd5 33.
Qg5+ Kf7 34. Qh5+ Kg7 35. Qg5+ Kf7 36. Qh5+ Kg7 1/2-1/2

[Event "Principal 2014/2015"]
[Site "Vitrolles"]
[Date "2015.01.17"]
[Round "5"]
[White "Busson, Benoist"]
[Black "Girard, Jean-Pierre"]
[Result "1/2-1/2"]
[WhiteElo "1944"]
[BlackElo "1854"]
[PlyCount "49"]

1. e4 c5 2. Nf3 Nc6 3. b4 cxb4 4. d4 d5 5. exd5 Qxd5 6. c4 bxc3 7. Nxc3 Qa5 8.
Bd2 e6 9. Bb5 Nf6 10. d5 exd5 11. Qe2+ Be7 12. Nxd5 Qd8 13. Nxf6+ gxf6 14. O-O
O-O 15. Bh6 Bg4 16. Rad1 Qc7 17. h3 Bh5 18. Bxf8 Bxf8 19. g4 Bg6 20. Nh4 Bc5
21. Nxg6 Qg3+ 22. Kh1 Qxh3+ 23. Kg1 Qg3+ 24. Kh1 Qh3+ 25. Kg1 1/2-1/2

[Event "Principal 2014/2015"]
[Site "Vitrolles"]
[Date "2015.01.17"]
[Round "5"]
[White "Montanelli, Tristan"]
[Black "Boghossian, Pierre"]
[Result "0-1"]
[WhiteElo "1730"]
[BlackElo "1971"]
[PlyCount "42"]

1. f4 e6 2. Nf3 Nf6 3. b3 d5 4. Bb2 c5 5. e3 Nc6 6. Bb5 Bd7 7. O-O Qb6 8. Bxc6
Bxc6 9. Ne5 Be7 10. d3 c4 11. Bd4 Bc5 12. Bxc5 Qxc5 13. d4 Qb5 14. Nc3 Qa5 15.
Qe1 cxb3 16. axb3 Qb6 17. Qg3 O-O 18. f5 Qb4 19. fxe6 Qxc3 20. Rxf6 Qxa1+ 21.
Kf2 fxe6 0-1

[Event "Principal 2014/2015"]
[Site "Vitrolles"]
[Date "2015.01.17"]
[Round "5"]
[White "Anton, Jose"]
[Black "Charvein, Gabriel"]
[Result "0-1"]
[WhiteElo "1864"]
[BlackElo "1875"]
[PlyCount "48"]

1. e4 Nc6 2. d4 e5 3. Nf3 exd4 4. c3 d5 5. exd5 Qxd5 6. cxd4 Bg4 7. Nc3 Bb4 8.
Be2 Nf6 9. O-O Bxc3 10. bxc3 O-O 11. c4 Qd6 12. Bb2 Rfe8 13. h3 Bh5 14. g4 Nxg4
15. hxg4 Bxg4 16. d5 Rxe2 17. Qxe2 Qg6 18. Kh2 Qh5+ 19. Kg3 Qh3+ 20. Kf4 f6 21.
Rh1 g5+ 22. Nxg5 fxg5+ 23. Kxg5 h6+ 24. Kf4 Rf8+ 0-1

[Event "Principal 2014/2015"]
[Site "Vitrolles"]
[Date "2015.01.17"]
[Round "5"]
[White "Massardo, Quentin"]
[Black "Brongers, Henk"]
[Result "0-1"]
[WhiteElo "1864"]
[BlackElo "2017"]
[PlyCount "72"]

1. d4 Nf6 2. c4 g6 3. Nf3 Bg7 4. g3 O-O 5. Bg2 d6 6. O-O c5 7. dxc5 dxc5 8. Qb3
Nc6 9. Bf4 Na5 10. Qb5 Bd7 11. Qxc5 Rc8 12. Qxa7 Nxc4 13. Ne5 Nh5 14. Nxd7 Nxf4
15. Nxf8 Nxe2+ 16. Kh1 Bxb2 17. Qxb7 Bxa1 18. Qe4 Nc3 19. Nxc3 Bxc3 20. Rc1
Kxf8 21. Bh3 Nd2 22. Qe3 Qd5+ 23. f3 Rc7 24. Rxc3 Rxc3 25. Qxc3 Qxf3+ 26. Qxf3
Nxf3 27. Bd7 Nd2 28. Bb5 e6 29. a4 Nb3 30. Kg2 Ke7 31. Kf2 Nd4 32. Bd3 Nc6 33.
Ke3 Kd6 34. Ke4 h6 35. h4 f5+ 36. Ke3 g5 0-1

[Event "Principal 2014/2015"]
[Site "Vitrolles"]
[Date "2015.02.07"]
[Round "6"]
[White "Girard, Jean-Pierre"]
[Black "Chauvet, Jean-Marc"]
[Result "0-1"]
[WhiteElo "1854"]
[BlackElo "1930"]
[PlyCount "90"]

1. e4 e6 2. d4 d5 3. Nd2 Nf6 4. e5 Ne4 5. Bd3 Nxd2 6. Bxd2 c5 7. c3 Qb6 8. Nf3
cxd4 9. cxd4 Qxb2 10. O-O Nc6 11. Qe2 Qb6 12. Rab1 Qc7 13. Rfc1 a6 14. Qe3 Be7
15. Qf4 h6 16. Qg4 Kf8 17. h4 Bd7 18. Nh2 b5 19. Nf1 Qa7 20. Bc3 Rc8 21. Ng3 g6
22. Qf4 Ke8 23. h5 g5 24. Qe3 f5 25. exf6 Bxf6 26. Nf5 Qb8 27. Re1 Kf7 28. Ng3
Qf4 29. Ne2 Qxe3 30. fxe3 Ne7 31. Rf1 Kg7 32. Rxf6 Kxf6 33. e4 dxe4 34. Bxe4
Nd5 35. Be1 Rhf8 36. Bg3 Ke7 37. Be1 Nf4 38. Ng3 Rfd8 39. Bb4+ Kf7 40. Bf3 Bc6
41. Bxc6 Rxc6 42. Bc5 e5 43. Rf1 exd4 44. Ne4 Ke6 45. Ba3 Rc2 0-1

[Event "Principal 2014/2015"]
[Site "Vitrolles"]
[Date "2015.02.07"]
[Round "6"]
[White "Anton, Jose"]
[Black "Busson, Benoist"]
[Result "1-0"]
[WhiteElo "1864"]
[BlackElo "1950"]
[PlyCount "75"]

1. e4 e5 2. d4 Nc6 3. d5 Nce7 4. Nf3 Ng6 5. Bc4 d6 6. O-O Be7 7. Nc3 a6 8. a4
f5 9. exf5 Bxf5 10. Bd3 Qd7 11. Re1 h6 12. Ne4 O-O-O 13. b4 Nf6 14. Ng3 Bxd3
15. Qxd3 Nf4 16. Bxf4 exf4 17. Nf5 Bf8 18. c4 g5 19. N3d4 Ng4 20. b5 Ne5 21.
bxa6 Nxd3 22. a7 Qf7 23. a8=Q+ Kd7 24. Qxb7 Ne5 25. Qb5+ Kc8 26. a5 c6 27. Nxc6
Nxc6 28. Qxc6+ Qc7 29. Qxc7+ Kxc7 30. Nd4 Kd7 31. Nc6 Rc8 32. a6 Kc7 33. a7 Kb7
34. Rab1+ Kc7 35. Ra1 Ra8 36. Ra2 Kb6 37. Rb1+ Kc7 38. Rab2 1-0

[Event "Principal 2014/2015"]
[Site "Vitrolles"]
[Date "2015.02.07"]
[Round "6"]
[White "Charvein, Gabriel"]
[Black "Brongers, Henk"]
[Result "0-1"]
[WhiteElo "1845"]
[BlackElo "2017"]
[PlyCount "64"]

1. d4 Nf6 2. c4 g6 3. Nc3 Bg7 4. e4 d6 5. Nf3 O-O 6. Be2 e5 7. O-O Na6 8. Be3
c6 9. Ne1 exd4 10. Bxd4 Nc5 11. e5 Nfe4 12. Nxe4 Nxe4 13. exd6 Qxd6 14. Bxg7
Qxd1 15. Rxd1 Kxg7 16. Bf3 Re8 17. Rd4 Ng5 18. h4 Ne6 19. Rd6 Nc5 20. b4 Ne4
21. Rd4 Nc3 22. a3 a5 23. Nd3 axb4 24. axb4 Ra2 25. Rc1 Ne2+ 26. Bxe2 Rexe2 27.
Re1 Red2 28. Re3 Ra1+ 29. Kh2 Rad1 30. g4 Rxf2+ 31. Kg3 Rfd2 32. Kf4 h5 0-1

[Event "Principal 2014/2015"]
[Site "Vitrolles"]
[Date "2015.02.07"]
[Round "6"]
[White "Boghossian, Pierre"]
[Black "Massardo, Quentin"]
[Result "0-1"]
[WhiteElo "1971"]
[BlackElo "1900"]
[PlyCount "81"]

1. e4 Nf6 2. e5 Nd5 3. c4 Nb6 4. d4 d6 5. exd6 cxd6 6. Nc3 g6 7. Be3 Bg7 8. Rc1
O-O 9. b3 Bf5 10. Be2 e5 11. d5 Na6 12. h4 Nc8 13. g4 Bd7 14. Qd2 f5 15. gxf5
gxf5 16. Bg5 Qa5 17. Bh6 f4 18. Bxg7 Kxg7 19. Nf3 Ne7 20. Ng5 Nc5 21. Ne6+ Bxe6
22. dxe6 Nxe6 23. Qxd6 Kf6 24. Bg4 Nf5 25. Qd2 Qd8 26. Nd5+ Kg7 27. Qe2 Ned4
28. Qxe5+ Kg8 29. Rg1 Re8 30. Bh5+ Kf8 31. Qxe8+ Qxe8+ 32. Bxe8 Rxe8+ 33. Kd2
Nf3+ 34. Kc3 N5d4 35. Nxf4 Nxg1 36. Rxg1 Re4 37. Rd1 Nc6 38. Ng2 Re2 39. Rd2
Re7 40. Ne3 Ne5 41. h5 0-1

[Event "Principal 2014/2015"]
[Site "Vitrolles"]
[Date "2015.03.21"]
[Round "7"]
[White "Busson, Benoist"]
[Black "Charvein, Gabriel"]
[Result "1-0"]
[WhiteElo "1950"]
[BlackElo "1845"]
[PlyCount "75"]

1. e4 e5 2. d4 exd4 3. c3 d5 4. exd5 Qxd5 5. cxd4 Nc6 6. Be3 Bb4+ 7. Nc3 Qa5 8.
Nge2 Nf6 9. a3 Bxc3+ 10. Nxc3 Bg4 11. f3 Be6 12. b4 Qh5 13. g4 Bxg4 14. fxg4
Nxg4 15. Qe2 O-O 16. O-O-O Rfe8 17. Rd3 Nxd4 18. Rxd4 Rxe3 19. Qxg4 Qxg4 20.
Rxg4 Rxc3+ 21. Kb2 Re3 22. Bc4 Rd8 23. Rhg1 g6 24. R1g2 Kg7 25. Rf4 f6 26. a4
Rd6 27. Rg3 Rxg3 28. hxg3 f5 29. g4 Kf6 30. gxf5 gxf5 31. Rh4 Kg6 32. Kc3 h6
33. Rd4 Rxd4 34. Kxd4 Kf6 35. Be2 c6 36. Bf3 Ke6 37. a5 Kd6 38. a6 1-0

[Event "Principal 2014/2015"]
[Site "Vitrolles"]
[Date "2015.03.21"]
[Round "7"]
[White "Chauvet, Jean-Marc"]
[Black "Anton, Jose"]
[Result "1/2-1/2"]
[WhiteElo "1930"]
[BlackElo "1864"]
[PlyCount "40"]

1. e4 c5 2. Nf3 Nc6 3. Bb5 d6 4. O-O Bd7 5. Re1 e5 6. c3 a6 7. Ba4 b5 8. Bc2
Nf6 9. h3 Be7 10. d4 cxd4 11. cxd4 Rc8 12. d5 Nb4 13. Bb3 a5 14. Nc3 a4 15. a3
Na6 16. Bc2 O-O 17. Bd3 Nc5 18. Bc2 h6 19. Be3 Qc7 20. Rc1 Qb7 1/2-1/2